00727cam a2200217 a 4500999001500000001000600015003000900021005001700030008004100047020001800088040002800106082001600134245006900150260004400219300004100263650002300304650002200327700001900349942001200368952012900380 c2638d263815845BD-DhUAP20200226152148.0200226s ko a b 001 0 eng  a9788957702871 aDLCcDLCdBD-DhUAPbEng 223a749 OBJ10aObjet : bcreative idea & unique design /cEditor, Choi Ji-hyun. aKorea :bArchiworld co. ldt.,c[....?]. a216 pages :billustrations ;c30 cm. aIndustrial design. aFurniture design. aJi-hyun, Choi. 2ddccBK 00102ddc4070aUAPCLbUAPCLcGeneral Stacksd2020-02-26l1o749 OBJp3010015845r2024-01-30s2024-01-14t1w2020-02-26yBK